ARRUPE JESUIT UNIVERSITY

CORONAVIRUS -STOP THE SPREAD - CLEAN,DISINFECT,COVER

Christ and evolution : (Record no. 118875)

MARC details
000 -LEADER
fixed length control field 01470cam a2200277 a 4500
001 - CONTROL NUMBER
control field 15482487
003 - CONTROL NUMBER IDENTIFIER
control field ARRUPE
005 - DATE AND TIME OF LATEST TRANSACTION
control field 20131129145421.0
008 - FIXED-LENGTH DATA ELEMENTS--GENERAL INFORMATION
fixed length control field 081010s2009 mnu b 000 0 eng
010 ## - LIBRARY OF CONGRESS CONTROL NUMBER
LC control number 2008043288
020 ## - INTERNATIONAL STANDARD BOOK NUMBER
International Standard Book Number 9780800640132 (alk. paper)
040 ## - CATALOGING SOURCE
Original cataloging agency DLC
Transcribing agency DLC
Modifying agency DLC
050 00 - LIBRARY OF CONGRESS CALL NUMBER
Classification number BT203
Item number .D43 2009
082 00 - DEWEY DECIMAL CLASSIFICATION NUMBER
Classification number 232
Edition number 22
300 ## - PHYSICAL DESCRIPTION
Dimensions 23 cm.
100 1# - MAIN ENTRY--PERSONAL NAME
Personal name Deane-Drummond, Celia.
9 (RLIN) 4505
245 10 - TITLE STATEMENT
Title Christ and evolution :
Remainder of title wonder and wisdom /
Statement of responsibility, etc Celia Deane-Drummond.
260 ## - PUBLICATION, DISTRIBUTION, ETC. (IMPRINT)
Place of publication, distribution, etc Minneapolis :
Name of publisher, distributor, etc Fortress Press,
Date of publication, distribution, etc c2009.
300 ## - PHYSICAL DESCRIPTION
Extent xx, 300 p. ;
504 ## - BIBLIOGRAPHY, ETC. NOTE
Bibliography, etc Includes bibliographical references.
505 0# - FORMATTED CONTENTS NOTE
Formatted contents note Christology and evolution as theodrama -- Christology secularised: a theological engagement with evolutionary psychology -- Christ as divine : incarnate wisdom -- Deep incarnation: Christ, the form of beauty -- Revisiting atonement: the drama of Christ and Shadow Sophia -- The risen Christ: a Sophianic interpretation -- Revisiting the new community: Christ in eschatological wonder -- The future of the human: transhuman evolution or human identity as imago Christi?
600 00 - SUBJECT ADDED ENTRY--PERSONAL NAME
Personal name Jesus Christ
General subdivision Person and offices.
9 (RLIN) 4506
650 #0 - SUBJECT ADDED ENTRY--TOPICAL TERM
Topical term or geographic name as entry element Evolution
General subdivision Religious aspects
-- Christianity.
9 (RLIN) 4507
906 ## - LOCAL DATA ELEMENT F, LDF (RLIN)
a 7
b cbc
c orignew
d 1
e ecip
f 20
g y-gencatlg
942 ## - ADDED ENTRY ELEMENTS (KOHA)
Source of classification or shelving scheme Library of Congress Classification
Koha item type Monograph ( Printed materials)
Holdings
Withdrawn status Lost status Source of classification or shelving scheme Damaged status Not for loan Collection code Home library Current library Shelving location Date acquired Total Checkouts Full call number Barcode Date last seen Price effective from Koha item type
    Library of Congress Classification     Main Collection ARRUPE LIBRARY ARRUPE LIBRARY Main Collection 29/11/2013   BT203 .D43 2009 46408173 01/12/2016 29/11/2013 Monograph ( Printed materials)

 

Arrupe Library. PO Box MP320 Mt Pleasant, Harare, Zimbabwe
263 242 745411|librarian@aju.ac.zw